=LDR 00000nam 2200000 4500 =001 INLIS000000000044756 =005 20240213122020 =035 ##$$a 0010-101300000002678 =008 240213###########################0###### =041 ##$$a Ind =082 ##$$a 641.1 =090 ##$$a 641.1, Kus s =100 ##$$a Kusumo, Romli Ainul =245 1#$$a Sayur + Buah = Sehat : $b Mengenal Kandungan dan Khasiatnya Untuk Menjaga Kesehatan Tubuh /$c Romli Ainul Kusumo ; Penyunting, Andra Teamwork =260 ##$$a Yogyakarta :$b Pionir Media,$c 2010 =300 ##$$a 176 Hlm, 20 cm =850 ##$$a NNT-CD =020 ##$$a 978-602-95014-2-9/1 =084 ##$$a 641.1 KUS s =990 ##$$a 21400613/BPAP-NTB/20142014 =990 ##$$a 0001/BPAP-NTB/20142015 =990 ##$$a 21105325/Pb/2011 =990 ##$$a 21400613/BPAP-NTB/20142014